000
00215 a2200097 4500
001
45968
100
_a
Mitchell E
245
_a
Sports officiating
260
_a
New York
_b
A S Barnes & Co
_c
090
_c
29085
_d
29085
942
_a
NUST-CAE
_c
M
_c
21208
999
_c
281041
_d
281041